000 00497nam a2200193 4500
003 LK-CoMWRAF
005 20230903113516.0
008 230903b1981 |||||||| |||| 00| 0 eng d
020 _a0397319401
040 _aLK-CoMWRAF
_dLK-CoMWRAF
_eLK-CoMWRAF
041 _aeng
082 _a823
_bTOW
100 _aTownsend, John Rowe
245 _aThe Islanders
260 _aCanada :
_bFitzhenry & whiteside Limited,
_c1981
650 _aEnglish Fiction
650 _aYoung adult fiction
942 _cBK
999 _c3387
_d3387